Nigeria A-Z - Statistics

General Stats
  • This quiz has been taken 862 times
  • The average score is 16 of 26
Answer Stats
Hint Answer % Correct
L Most populous city in Nigeria and Sub-Saharan Africa Lagos
95%
A Capital city Abuja
93%
O Largest export of Nigeria Oil
92%
N Nickname for the Nigerian film industry {Nolly}wood
91%
U Country that colonized Nigeria between 1914–1960 United Kingdom
90%
G Gulf bordered by Nigeria Gulf of {Guinea}
83%
B Extremist Islamist group that terrorises the northern part of Nigeria Boko Haram
79%
Y Most commonly-spoken language in L Yoruba
71%
C Shallow lake to the northeast Lake {Chad}
68%
R Nigeria received its name from a ... River
68%
E Nickname of Nigeria's mens football team (1996 Olympic gold medalists) Super {Eagles}
68%
V Luxurious island in L named for a historical monarch Victoria
68%
F Full English name of Nigeria {Federal} {Republic}of Nigeria
60%
H Main ethnic group of Northern Nigeria Hausa
60%
I This city was the most populous one at the time of Nigeria's independence in 1960 Ibadan
59%
M First name of the current President Buhari Muhammadu
54%
P Name for the creolized English spoken in Nigeria Pidgin
54%
S Soulful "Smooth Operator" singer Sade
54%
J President of Nigeria between 2010–2015 Goodluck Jonathan
45%
T About 0.6% of the Nigerian population follow some sort of __________ faith Traditional
45%
Q Strict branch of Islam the Kala Kato movement follows in Northern Nigeria {Quran}ism
44%
K Musician who popularized the music style of Afrobeat Fela Kuti
43%
W Afrobeats singer who was featured in Drake's "One Dance" and Beyonce's "Brown Skin Girl", which earned him a Grammy Award Wizkid
41%
D Nickname of basketball player Hakeem Olajuwon Dream
38%
Z City in Northern Nigeria that is home to the Zazzau Emirate Zaria
33%
X Traditional stringed musical instrument with 1-5 strings Xalam
26%
No matching quizzes found
Score Distribution
Percent of People with Each Score
Percentile by Number Answered
Your Score History
You have not taken this quiz